00297nam a2200121Ia 45000030006000000080041000060400015000471000035000622450040000972600009001375460012001460050017001580STCL150530s9999 xx 000 0 und d aSTCLcSTCL aMyron, T. Herrick; Ingalls, R. aRural credits land and co operative c1920 aEnglish20220125165524.0